000 01561nam a2200301Ia 4500
999 _c53525
_d53525
001 20571
003 GE_BSU
005 20210222161130.0
008 181216s2014||||ge |||||||||||||| ||geo||
020 _a9789941133657
040 _cGE_BSU
041 _ageo
080 _a910.2(075.8) ნ-63
100 _aნიკოლაიშვილი, დ.
_910190
245 _aგეოგრაფიის კვლევის მეთოდები = Geographical research methods :
_bსახელმძღვ. /
_cდ. ნიკოლაიშვილი ; რედ. : ზურაბ სეფერთელაძე, ლია მაჭავარიანი.
260 _aთბილისი
260 _bთბილ. უნ-ტის გამ-ბა
260 _c2014
300 _a520 გვ. :
_bნახ., ცხრ. ;
_c25 სმ.
501 _aდანართი გვ. 457-479 ; მცირე ლექსიკონი გვ.480-517
541 _h27ლ.20თ.
653 _aგეოგრაფია
653 _aგეოგრაფიის კვლევის მეთოდები
700 _aსეფერთელაძე, ზურაბ
_eრედაქტორი
_910191
700 _aმაჭავარიანი, ლია
_eრედაქტორი
_96752
710 _aივანე ჯავახიშვილის სახელობის თბილისის სახელმწიფო უნივერსიტეტი
_910192
942 _cBK
_2udc